000 00727nam a2200217 a 4500
001 BRCA_1380
005 20190320203412.0
008 040402s2003 mx-a---##b---#100-0#spa-#
020 _a9703204554
050 4 _aN6550
_b.R67 2003
100 1 _aRoque, Georges
_d1951-?
_94514
245 1 0 _aEl color en el arte mexicano
_cGeorges Roque.
260 _aMéxico
_bUNAM, Instituto de Investigaciones Estéticas
_c2003
300 _a297 p.
_bil. a color
_c23 cm.
500 _aIncluye lista de ilustraciones
650 1 4 _aArte mexicano
_vCongresos
_92347
650 1 4 _aArte popular
_vCongresos
_zMéxico
_94515
650 1 4 _aColor en el arte
_vCongresos
_94516
650 1 4 _aSimbolismo y color
_vCongresos
_zMéxico
_94517
942 _2lcc
_cB
999 _c1242
_d1242